00441nam a2200169Ia 4500003000400000008004100004040001600045082001300061100002500074245004900099700001800148260003400166300001000200490002400210650001500234650002200249GCL140319s9999 xx 000 0 eng d aGCL / cGCL04a843bL R1 aLORRES, GUILLAUME DE10aLE ROMAN DE LA ROSE / cLORRES, GUILLAUME DE1 aMEUN, JEAN DE a[S.N] : bGALLIMARD ، c1992 a411 P aCOLLECTION FOLIOv004aLITERATURE04aFRENCH LITERATURE